LEADER 03076nam 2200613Ia 450 001 9910450464003321 005 20200520144314.0 010 $a1-280-54721-9 010 $a9786610547210 010 $a1-84544-923-1 035 $a(CKB)1000000000242955 035 $a(EBL)267421 035 $a(OCoLC)71555821 035 $a(SSID)ssj0000466181 035 $a(PQKBManifestationID)11310816 035 $a(PQKBTitleCode)TC0000466181 035 $a(PQKBWorkID)10458193 035 $a(PQKB)10708109 035 $a(MiAaPQ)EBC267421 035 $a(Au-PeEL)EBL267421 035 $a(CaPaEBR)ebr10132651 035 $a(CaONFJC)MIL54721 035 $a(OCoLC)133164962 035 $a(EXLCZ)991000000000242955 100 $a20000815d2006 uy 0 101 0 $aeng 135 $aur|n|---||||| 181 $ctxt 182 $cc 183 $acr 200 00$aReflections on business-to-business marketing in the twenty-first century$b[electronic resource] /$fJudy Zolkiewski 210 $aBradford, England $cEmerald Group Publishing$dc2006 215 $a1 online resource (211 p.) 225 0 $aEuropean Journal of Marketing ;$vv.40, no. 3/4 300 $aDescription based upon print version of record. 311 $a1-84544-922-3 327 $aCover; CONTENTS; EDITORIAL REVIEW BOARD; Guest editorial; IMP - some things achieved: much more to do; Discovering market networks; Research in relationship marketing: antecedents, traditions and integration; Matching high-tech and high-touch in supplier-customer relationships; Relationship value and relationship quality; Ethics and value creation in business research: comparing two approaches; Measuring relational norms: some methodological issues; Suppliers' willingness to end unprofitable customer relationships; Conceptualising, delineating and analysing business networks 327 $aNetwork pictures: concepts and representationsAssessing the impact of culture on relationship creation and network formation in emerging Asian markets 330 $aIn the first decade of the 21st century we can now look back and reflect on how perceptions of and research into industrial markets (or should we call them B2B markets?) have changed and developed. In this e-book of the European Journal of Marketing, we attempt, through our selection of papers, to critically review the latest developments in business-to-business and international research and their contribution to knowledge. We believe that this special issue reflects the latest thinking in the field and the trends that are emerging. 410 0$aVolume 40, Issue 3 & 4 606 $aMarketing 606 $aIndustrial marketing 608 $aElectronic books. 615 0$aMarketing. 615 0$aIndustrial marketing. 676 $a658.8/4 701 $aZolkiewski$b Judy$0893663 801 0$bMiAaPQ 801 1$bMiAaPQ 801 2$bMiAaPQ 906 $aBOOK 912 $a9910450464003321 996 $aReflections on business-to-business marketing in the twenty-first century$91996323 997 $aUNINA LEADER 02175oam 2200577 450 001 9910709777403321 005 20180620095934.0 035 $a(CKB)5470000002472470 035 $a(OCoLC)896811275 035 $a(OCoLC)995470000002472470 035 $a(EXLCZ)995470000002472470 100 $a20141123d1990 ua 0 101 0 $aeng 135 $aurbn||||||||| 181 $ctxt$2rdacontent 182 $cc$2rdamedia 183 $acr$2rdacarrier 200 10$aStratigraphy of the Mesaverde Group in the central and eastern Greater Green River Basin, Wyoming, Colorado, and Utah /$fby Henry W. Roehler 210 1$aReston, Virginia :$cU.S. Department of the Interior, U.S. Geological Survey,$d1990. 215 $a1 online resource (iv, 52 pages) $cillustrations, maps +$e2 plates 225 1 $aU.S. Geological Survey professional paper ;$v1508 300 $aTitle from title screen (viewed October 16, 2014). 300 $a"A description of Upper Cretaceous rocks deposited along the western margins of the interior seaway in the central Rocky Mountains." 320 $aIncludes bibliographical references (pages 33-34). 606 $aGeology$zGreen River Watershed (Wyo.-Utah) 606 $aGeology$zColorado 606 $aGeology, Stratigraphic$yCretaceous 606 $aCretaceous Geologic Period$2fast 606 $aGeology$2fast 606 $aGeology, Stratigraphic$2fast 607 $aMesaverde Group 607 $aUnited States$zGreen River Watershed (Wyoming-Utah)$2fast 607 $aUnited States$zMesaverde Group$2fast 615 0$aGeology 615 0$aGeology 615 0$aGeology, Stratigraphic 615 7$aCretaceous Geologic Period. 615 7$aGeology. 615 7$aGeology, Stratigraphic. 700 $aRoehler$b Henry W.$01392979 712 02$aGeological Survey (U.S.), 801 0$bCOP 801 1$bCOP 801 2$bOCLCO 801 2$bOCLCF 801 2$bOCLCA 801 2$bGPO 906 $aBOOK 912 $a9910709777403321 996 $aStratigraphy of the Mesaverde Group in the central and eastern Greater Green River Basin, Wyoming, Colorado, and Utah$93501210 997 $aUNINA